Statistiques concernant Pays bordant la mer Caspienne

Cliquez ici pour prendre le quiz!

Statistiques générales

  • Ce quiz a été pris 47 fois
  • Le résultat moyen est 4 sur 5

Statistiques - réponses

HINTRéponse% Correct
4Russie
90%
1Azerbaïdjan
85%
2Iran
85%
5Turkménistan
80%
3Kazakhstan
75%

Distribution des résultats

Percentile par nombre de réponses

% des personnes avec chaque résultat

Votre développement - résultats

Vous n’avez pas pris ce quiz